Diskriminácia na pracovisku a jej podoby
Diskriminácia predstavuje nerovnaké zaobchádzanie. Zákaz diskriminácie v Zákonníku práce. Antidiskriminačný zákon na Slovensku. Dôvody a formy diskriminácie. Zásadou rovnakého zaobchádzania možno docieliť odstránenie alebo obmedzenie diskriminačného správania v osobnom i pracovnom prostredí.
Guardado en:
| Autor principal: | |
|---|---|
| Formato: | Capítulo de libro |
| Lenguaje: | eslovaco |
| Materias: | |
| Etiquetas: |
Sin Etiquetas, Sea el primero en etiquetar este registro!
|
MARC
| LEADER | 00000naa a2200000 4500 | ||
|---|---|---|---|
| 001 | 0196222 | ||
| 005 | 20231120134918.8 | ||
| 041 | 0 | |a slo | |
| 044 | |a SK | ||
| 245 | 1 | 0 | |a Diskriminácia na pracovisku a jej podoby |c Viera Šukalová |
| 520 | |a Diskriminácia predstavuje nerovnaké zaobchádzanie. Zákaz diskriminácie v Zákonníku práce. Antidiskriminačný zákon na Slovensku. Dôvody a formy diskriminácie. Zásadou rovnakého zaobchádzania možno docieliť odstránenie alebo obmedzenie diskriminačného správania v osobnom i pracovnom prostredí. | ||
| 610 | 2 | 0 | |a diskriminácia |
| 610 | 2 | 0 | |a diskriminácia pracovná |
| 610 | 2 | 0 | |a manažéri |
| 100 | 1 | |a Šukalová, Viera | |